000 00358nam a2200133Ia 4500
005 20260328104315.0
008 260328s9999||||xx |||||||||||||| ||und||
100 _aFernández Alba, Antonio
245 0 _aAntipoemas del lugar y papeles del Espacio /
_cAntonio Fernández Alba
260 _bMaina
300 _a81 p.
650 _aARQUITECTURA
942 _cBK
999 _c11119
_d11119